Responses for Show #5466 - Monday, May 19, 2008

Tom Morris game 5.

Contestants

[<< previous game]

Mary Kay Schmidt, a housewife and volunteer from Wisconsin Rapids, Wisconsin

Michael Vanderbilt, a human resources administrator from New York, New York

Tom Morris, a retailer and student from Irvine, California (whose 4-day cash winnings total $100,801)

[next game >>]

Jeopardy! Round responses

AMERICAN POETRY
THE 50th GRAMMYS
TECHNOLOGY
THE VEEP
HODGEPODGE
TIME TO "BEG" FOR IT
    $200 6
Allen Ginsberg

Mary Kay
    $200 11
The White Stripes

Triple Stumper
    $200 1
(Tom: What are the '80s?)
(Mary Kay: What are the '50s?)
(Michael: What are the '70s?)

the 1930s

TomMichaelMary Kay
Triple Stumper
    $200 15
Nixon

Michael
    $200 22
California

Mary Kay
    $200 16
beginner's luck

Mary Kay
    $400 7
"The New Colossus"

Mary Kay
    $400 12
Alicia Keys

Mary Kay
    $400 2
automatic transmission

Tom
    $400 23
a do-not-call list

Mary Kay
    $400 18
a begonia

Michael
    $600 8
Richard Cory

Mary Kay
    $600 13
Carrie Underwood

Tom
    $600 3
Toshiba

Tom
    $600 29
[The end-of-round signal sounds.]

Humphrey

Tom
    $600 24
Chile

Tom
    $600 19
beguile

Mary Kay
    $800 9
(Mary Kay: Who is Kublai Khan?)
(Michael: Who is Temujin?)

Tamburlaine or Tamerlane

MichaelMary Kay
Triple Stumper
    $1,000 14
(Tom: Who is...don't know.)

Herbie Hancock

Tom
    $800 4
biometric

Tom
    $800 28
Coolidge

Tom
    $800 25
Sherlock Holmes

Mary Kay
    $800 20
begrudge

Michael
    $1000 10
Robert Lowell

Triple Stumper
    $1000 17
Vince Gill

Triple Stumper
    $1000 5
fuel

Mary Kay
    $1000 27
Martin Van Buren

Triple Stumper
    $1000 26
the catfish

Tom
    $1000 21
The Beggar's Opera

Mary Kay

Scores at the first commercial break (after clue 14):

Tom Michael Mary Kay
$1,200 -$1,000 $1,600

Scores at the end of the Jeopardy! Round:

Tom Michael Mary Kay
$4,200 $400 $4,800

Double Jeopardy! Round responses

20th CENTURY AMERICAN ARTISTS
"M.J."
THE ELEMENTS
BOOZE-A-PALOOZA
INTERNATIONAL PARKS
"B" SHARP
    $400 16
Remington

Mary Kay
    $400 11
Michael Jordan

Tom
    $400 6
calcium

Tom
    $400 1
sour

Tom
    $400 27
Austria

Tom
    $400 21
brown

Tom
    $800 17
(Andrew) Wyeth

Mary Kay
    $800 12
Milla Jovovich

Michael
    $800 7
chlorine

Michael
    $800 2
gin

Tom
    $800 28
Guatemala

Michael
    $800 22
backwards

Tom
    $2,000 18
Chicago

Mary Kay
    $1200 13
Michael Johnson

Tom
    $1200 8
lead

Tom
    $1200 3
"Tequila"

Tom
    $1200 29
the Congo

Mary Kay
    $1200 23
a buffoon

Tom
    $1600 19
(Edward) Hopper

Michael
    $1600 14
Mother Jones

Mary Kay
    $3,000 9
(Tom: What is 90?)
(Alex: No. 24-karat is pure gold. 18-karat is 18 over 24; [*]%.)

75

Tom
    $1600 4
a Stinger

Tom
    $1600 26
the Apennines

Mary Kay
    $1600 24
Breed's Hill

Mary Kay
    $2000 20
(Mary Kay: Who is Stieglitz?)

Man Ray

Mary Kay
Triple Stumper
    $2000 15
Maurice Jarre

Triple Stumper
    $2000 10
tungsten

Mary Kay
    $2000 5
Chi-Chi

Triple Stumper
    $2000 30
New Brunswick

Triple Stumper
    $2000 25
bilingual

Michael

Scores at the end of the Double Jeopardy! Round:

Tom Michael Mary Kay
$11,200 $6,400 $14,000

[wagering suggestions for these scores]

Final Jeopardy! Round responses

THE MOVIES
MichaelWhat is Taxi Driver?
$6,395
TomWhat is "Taxi Driver"?
$11,199
Mary KayWhat is Taxi Driver?
$8,400
Taxi Driver

Final scores:

Tom Michael Mary Kay
$22,399 $12,795 $22,400
2nd place: $2,000 3rd place: $1,000 New champion: $22,400

Game dynamics:

Coryat scores:

Tom Michael Mary Kay
$15,200 $6,400 $13,200
20 R,
3 W
(including 2 DDs)
8 R,
2 W
19 R
(including 1 DD),
3 W

Combined Coryat: $34,800

[game clues] [game scores] [suggest correction]

Game tape date: 2008-02-19
The J! Archive is created by fans, for fans. Scraping, republication, monetization, and malicious use prohibited; this site may use cookies and collect identifying information. See terms. The Jeopardy! game show and all elements thereof, including but not limited to copyright and trademark thereto, are the property of Jeopardy Productions, Inc. and are protected under law. This website is not affiliated with, sponsored by, or operated by Jeopardy Productions, Inc. Join the discussion at JBoard.tv.